UM Logo

International relations from the global South: (Record no. 16686)

MARC details
000 -LEADER
fixed length control field 03732cam a22004338i 4500
001 - CONTROL NUMBER
control field 21452146
003 - CONTROL NUMBER IDENTIFIER
control field OSt
005 - DATE AND TIME OF LATEST TRANSACTION
control field 20220307144939.0
008 - FIXED-LENGTH DATA ELEMENTS--GENERAL INFORMATION
fixed length control field 200218s2020 enk b 001 0 eng
010 ## - LIBRARY OF CONGRESS CONTROL NUMBER
LC control number 2019055069
020 ## - INTERNATIONAL STANDARD BOOK NUMBER
International Standard Book Number 9781138799097
Qualifying information (hardback)
020 ## - INTERNATIONAL STANDARD BOOK NUMBER
International Standard Book Number 9781138799103
Qualifying information (paperback)
020 ## - INTERNATIONAL STANDARD BOOK NUMBER
Canceled/invalid ISBN 9781315756233
Qualifying information (ebook)
040 ## - CATALOGING SOURCE
Original cataloging agency LBSOR/DLC
Language of cataloging eng
Description conventions rda
Transcribing agency DLC
042 ## - AUTHENTICATION CODE
Authentication code pcc
043 ## - GEOGRAPHIC AREA CODE
Geographic area code d------
050 00 - LIBRARY OF CONGRESS CALL NUMBER
Classification number JZ1242
Item number .I5764 2020
082 00 - DEWEY DECIMAL CLASSIFICATION NUMBER
Classification number 2020
Edition number DC 327.091724
Item number In821
245 00 - TITLE STATEMENT
Title International relations from the global South:
Remainder of title worlds of difference/
Statement of responsibility, etc. edited by Arlene B. Tickner and Karen Smith.
263 ## - PROJECTED PUBLICATION DATE
Projected publication date 2006
264 #1 - PRODUCTION, PUBLICATION, DISTRIBUTION, MANUFACTURE, AND COPYRIGHT NOTICE
Place of production, publication, distribution, manufacture New York, NY:
Name of producer, publisher, distributor, manufacturer Routledge,
Date of production, publication, distribution, manufacture, or copyright notice ©2020.
300 ## - PHYSICAL DESCRIPTION
Extent viii, 350 pages;
Dimensions 24 cm.
336 ## - CONTENT TYPE
Content type term text
Content type code txt
Source rdacontent
337 ## - MEDIA TYPE
Media type term unmediated
Media type code n
Source rdamedia
338 ## - CARRIER TYPE
Carrier type term volume
Carrier type code nc
Source rdacarrier
490 0# - SERIES STATEMENT
Series statement Wording beyond the West
500 ## - GENERAL NOTE
General note Includes index.
505 0# - FORMATTED CONTENTS NOTE
Formatted contents note Introduction: International relations from the global South / Karen Smith and Arlene B. Tickner -- The global IR debate in the classroom / Wiebke Wemheuer-Vogelaar, Ingo Peters, Laura Kemmer, Alina Kleinn, Luisa Linke-Behrens, and Sabine Mokry -- Where, when and what is IR? / David L. Blaney -- IR and the making of the white man's world / Peter Vale and Vineet Thakur -- Order, ordering and disorder / Karen Smith -- The international / Amy Niang -- War and conflict / Arlene B. Tickner -- State and sovereignty / Navnita Chadha Behera -- Religion, secularism and nationalism / Aparna Devare -- Security / Pinar Bilgin -- Foreign policy / Asli Calkivik -- Globalization / John M. Hobson -- Inequality / Joao Pontes Nogueira -- Migration / Nizar Messari -- Resistances / Carolina Cepeda Másmela -- Socio-environmentalism / Cristina Inoue and Matias Franchini -- South-South talk / L.H.M. Ling and Carolina M. Pinheiro.
520 ## - SUMMARY, ETC.
Summary, etc. "The claim that world politics looks different depending upon one's location is now commonplace within the field of International Relations (IR). This exciting new textbook offers students a text that speaks to the main concepts, categories and issues of world politics from the vantagepoints of the global South. International Relations from the Global South: Worlds of Difference examines the ways in which world politics have been addressed by traditional core approaches and explores the limitations of these treatments for understanding both Southern and Northern experiences of the "international". The book encourages the reader to consider how key ideas have been developed in the discipline, and through systematic interventions by contributors from around the globe, aims at both transforming and enriching the dominant terms of scholarly debate. Each chapter is written according to a common structure, providing concrete examples of global South perspectives on world affairs, as well as discussion questions and suggestions for further reading. Drawing on a wide range of literatures, case studies and knowledges, this textbook is the first to speak to and from the global South, and will provide a new dimension to a variety of courses on international relations and IR theory. It is essential reading for students and teachers alike"--
Assigning source Provided by publisher.
650 #0 - SUBJECT ADDED ENTRY--TOPICAL TERM
Topical term or geographic name as entry element International relations
Form subdivision Textbooks.
9 (RLIN) 44570
650 #0 - SUBJECT ADDED ENTRY--TOPICAL TERM
Topical term or geographic name as entry element International relations
General subdivision Philosophy.
9 (RLIN) 44571
651 #0 - SUBJECT ADDED ENTRY--GEOGRAPHIC NAME
Geographic name Developing countries
General subdivision Foreign relations.
9 (RLIN) 44572
651 #0 - SUBJECT ADDED ENTRY--GEOGRAPHIC NAME
Geographic name Developing countries
General subdivision Politics and government.
9 (RLIN) 44573
700 1# - ADDED ENTRY--PERSONAL NAME
Personal name Tickner, Arlene B.,
Dates associated with a name 1964-
Relator term editor.
9 (RLIN) 44574
700 1# - ADDED ENTRY--PERSONAL NAME
Personal name Smith, Karen,
Dates associated with a name 1974-
Relator term editor.
9 (RLIN) 44575
906 ## - LOCAL DATA ELEMENT F, LDF (RLIN)
a 7
b cbc
c orignew
d 1
e ecip
f 20
g y-gencatlg
942 ## - ADDED ENTRY ELEMENTS (KOHA)
Source of classification or shelving scheme Dewey Decimal Classification
Koha item type Circulation
Holdings
Withdrawn status Lost status Source of classification or shelving scheme Damaged status Not for loan Collection code Home library Current library Date acquired Source of acquisition Cost, normal purchase price Total Checkouts Full call number Barcode Date last seen Price effective from Koha item type
    Dewey Decimal Classification     Circulation UM Digos College - LIC UM Digos College - LIC 02/10/2022 Purchased 5278.00   DC 327.091724 In821 2020 26475 05/15/2025 03/07/2022 Circulation